MDQL
is popping MORE tags! Check the
thread
!
Quizzes
Events
Quiz Creation
Community
Videos
Private Events
Remove Ads
Sign In
Join for FREE
Feedback
Dark Mode
Quiz Categories
Sports
Geography
Music
Movies
Television
Just For Fun
Miscellaneous
History
Literature
Language
Science
Gaming
Entertainment
Religion
Holiday
For Kids
Quiz Lab
Recent
Popular Today
Quiz Kudos Today
Editor Picks
Curator Picks
Quizzes by...
Day
Popularity
Type
Ratings
Length
Year
Community
Subscriptions
Recent Discussions
Orange Saloon
Badges
Playlists
Quests
Create
Leaderboards
Showdown
Live 5
Trivia Bingo
Activity
Puzzle Library
Sporcle Events
Private Events
Virtual Trivia
Globe League
Become a Host
Pub Owners
SporcleCon
Opinionation
Our Games
Videos
Blog
Mobile Apps
Partnerships
Remove Ads and Go Orange
Feedback
Entertainment
Celebrity
Famous
Musical
Broadway
Show
Quote
Comic Books
Anime
Superhero
DC Comics
Marvel
Cartoons
Animation
Entertainment
Celebrity
Famous
Musical
Broadway
Show
Quote
Comic Books
Anime
Superhero
DC Comics
Marvel
Cartoons
Animation
Random Quiz
Search Sporcle
×
Quiz Lab
Quiz Lab
Entertainment
TV Show
Type in answers that appear in a list
Type in answers that appear in a list
Classic
Best Score? Go Orange.
Next Food Network Star Shows (Look at the Game Note) Stats
Can you name the Next Food Network Star Shows?
By
Mikeymonkey711
5m
12 Questions
56 Plays
56 Plays
56 Plays
Comments
Comments
Give Quiz Kudos
Give Quiz Kudos
-
- Ratings
hide this ad
More Info
Replay
Link that replays current quiz
Next Quiz
Link to next quiz in quiz playlist
You Got
0%
They Got
Avg Score
39%
Avg Friend Score
Upgrade to see
Score Distribution
Jump to the score distribution portion of the page
Score
0/12
Timer
05:00
0
Plays Today
Winner
Show
% Correct
Guy Fieri
Diners, Drive Ins and Dives
87.5%
Jeff Mauro
Sandwich King
76.8%
Aarti Sequeira
Aarti Party
73.2%
Guy Fieri
Guy's Big Bite
66.1%
Melissa d'Arabian
Ten Dollar Dinners
48.2%
Aaron McCargo Jr.
Big Daddy's House
44.6%
Guy Fieri
Minute to Win it
19.6%
Dan Smith and Steve McDonagh
Party Line with The Hearty Boys
16.1%
Justin Warner
Rebel with a Culinary Cause
16.1%
Amy Finley
The Gourmet Next Door
12.5%
Guy Fieri
Rachael vs Guy Celebrity Cookoff
7.1%
Guy Fieri
Ultimate Recipe Showdown
5.4%
Quiz Playlist
Details
Report
Send in Message
Add To Playlist
More Info:
SOME OF THE SHOWS ARE NOT FROM FOOD NETWORK BUT ARE FEATURING THESE CHEFS
Classic:
Type in answers that appear in a list
Last Updated: Feb 16, 2017
Quiz Scoreboard
CHALLENGE
Sign Up to Join the Scoreboard
Show All
Scores
Hide
Comments
May contain spoilers
Recently Published
1-10 Letter E Words III
by El_Dandy
Language
2m
Street Fighter Characters
by Artimus82
Gaming
60s
College Basketball Coaching Resumes
by pancakes188
Sports
9m
More to Explore
Quiz From the Vault
Featured Blog Post
Where Did the Easter Bunny Come From?
hide this ad
You Might Also Like...
Tags
Food Quiz
TV Show Quiz
chef
Food Network
Today's Top Quizzes in Entertainment
Browse Entertainment
hide this ad
Today's Top Quizzes in TV Show
Browse TV Show
Top Contributed Quizzes in Entertainment
1
7-to-1: DC Comics Villains
2
Marvel Characters Bunker
3
Dragon Ball Z: Goku's Fights in Order
4
Eurovision 2023 Logic Puzzle
5
Sorting Pictures: Villains
6
Criteria Quickie: Cartoon Taxonomy II
7
7-to-1: One Piece
8
Mini Trivia Sudoku: Musicals
9
One Piece Characters Order of Appearance
10
Click the Cartoon Scott
Explore More
Trending Topics
NBA
Anime
Kpop
Harry Potter
Crossword
Marvel
Disney
The Office
WWE
Song
Pokémon
Soccer
Puzzle
Country
NFL
hide this ad
More By:
Mikeymonkey711
Quiz
Plays
Rating
Category
Featured
Created
Actor by 5 Movies
594
2.27
Movies
Jul 30, 2012
Actors by 5 Movies III
225
3.11
Movies
Aug 3, 2012
Actress by 5 movies
205
2.00
Movies
Aug 20, 2012
victorious characters
172
Television
May 8, 2011
Word Scramble: Songs of the 80's
143
4.50
Just For Fun
Aug 15, 2012
Go to Creator's Profile
Score Distribution
Quiz Creator Spotlight
Mikeymonkey711
Follow
Send a Message
Quizzes Created
-
Created Quiz Play Count
-
More By This Creator
Popular Quizzes Today
1
Find the US States - No Outlines Minefield
2
Find the Countries of Europe - No Outlines Minefield
3
Find the US States
4
The Countries of the World
5
Risky Map Clicking: Biggest States A-Z
6
US States
7
Popular People in 1961
8
Movies - When Are They Set?
More Entertainment Quizzes
Celebrity Prom Photo Slideshow
Published
Trending Quizzes
Risky Map Clicking: Least Populous States A-Z
1-10 Letter G Words
Countries of the World: 200 Million BC
1-10 Letter F Words
Risky Map Clicking: Next State Alphabetically
Recently Updated
Largest US Cities 1790-2010
pecheneg
Rides in Walt Disney World
pecheneg
Most Oscar Losses (Acting)
pecheneg
Beyoncé Albums
pecheneg
Leaping Animals
pecheneg
Reality TV Shows (A-Z)
bhenderson79
Rickey Henderson's Hall of Fame Teammates
pecheneg
Champions League XIs: Arsenal
pecheneg
Quick Pick: Celebrities in WWE's Hall of Fame
aduchscher
A-Z Keypad Blitz II
pecheneg
Trending Topics
Anime
Harry Potter
Crossword
Disney
Marvel
Kpop
NBA
Country
Puzzle
Pokémon
The Office
Song
Soccer
WWE
NFL
Your Account Isn't Verified!
In order to create a playlist on Sporcle, you need to verify the email address you used during registration. Go to your
Sporcle Settings
to finish the process.
Report this User
Report this user for behavior that violates our
Community Guidelines
.
Details:
Send Report
Go to the Sporcle.com Mobile Site →
Comments